Anuario de la Revista de Derecho del Consumidor /

Guardado en:
Autor Corporativo: Instituto Argentino de Derecho del Consumidor
Otros Autores: Stiglitz, Gabriel
Formato: Libro
Idioma:Spanish
Publicado: Ciudad Autónoma de Buenos Aires : IJ editores, 2018
Edición:1a. ed.
Materias:
Etiquetas: Agregar Etiqueta
Sin Etiquetas, Sea el primero en etiquetar este registro!
LEADER 00752nam a22002055a 4500
001 DER.der013675
008 180615s2018####ag#||||||||||||||#||spa||
005 20251203154511.0
245 1 0 |a Anuario de la Revista de Derecho del Consumidor /  |c Gabriel Stiglitz, Carlos A. Hernández, Sandra A. Frustagli. 
250 |a 1a. ed. 
260 |a Ciudad Autónoma de Buenos Aires :  |b IJ editores,  |c 2018 
300 |a 348 p. 
020 |a 9789874179586 
700 1 |a Stiglitz, Gabriel 
700 1 |a Hernández, Carlos A.,  |e dir. 
700 1 |a Frustagli, Sandra A.,  |e dir. 
700 1 |a Barocelli, Sergio Sebastián,  |e dir. 
710 1 |a Instituto Argentino de Derecho del Consumidor  |9 IADC 
650 7 |a DERECHO DEL CONSUMIDOR 
859 |a DERECHO  |b BIB. DERECHO  |h 343.071  |i ANU  |p 008716